| 000 | 00564nam a22001815i 4500 | ||
|---|---|---|---|
| 001 | 54197 | ||
| 003 | ES-MaACL | ||
| 005 | 20230906162920.0 | ||
| 007 | t| | ||
| 008 | 960716s1861 fr ||||1| fre d | ||
| 080 | _a26 | ||
| 100 | 1 |
_aPassaglia, Carlo ( _d1812-1887) _9130881 |
|
| 245 | 1 | 0 |
_aDe l'excommunication : _bobservations d'un prêtre catholique / _cpar Ernest Filaléte (P. Passaglia). |
| 260 |
_aParis : _bLibrairie Molini : _bLibrairie E. Dentu, _c1861. |
||
| 300 |
_a48 p. ; _c21 cm. |
||
| 650 | 4 |
_aExcomunión. _9176213 |
|
| 852 | 4 |
_aES-MaACL _jT-88-F-4 |
|
| 999 |
_c54197 _d54197 |
||